Hong Kong International Airport Destinations (Hong Kong, China) - Map - Statistics

General Stats
  • This quiz has been taken 51 times
  • The average score is 97 of 156
Answers on the Map
Answers color-coded by a green-red scale on the quiz's map according to % correct below.
 
Answer Stats
Destination % Correct
Barcelona
100%
Delhi
100%
Dubai (International)
100%
Istanbul
100%
London (Heathrow)
100%
Los Angeles
100%
Madrid
100%
Manchester
100%
Moscow (Sheremetyevo)
100%
Mumbai (Shivaji)
100%
Paris (Charles de Gaulle)
100%
Rome (Fiumicino)
100%
San Francisco
100%
Seattle/Tacoma
100%
Amsterdam
98%
Chicago (O'Hare)
98%
Dallas/Fort Worth
98%
Johannesburg (O.R. Tambo)
98%
New York (JFK)
98%
Toronto (Pearson)
98%
Vancouver
98%
Auckland
95%
Boston
95%
Frankfurt
95%
Helsinki
95%
Milan (Malpensa)
95%
Bangkok (Don Mueang)
93%
Bangkok (Suvarnabhumi)
93%
Beijing (Capital)
93%
Beijing (Daxing)
93%
Jakarta (Soekarno-Hatta)
93%
Kuala Lumpur (International)
93%
Kuala Lumpur (Subang)
93%
Manila
93%
Munich
93%
Shanghai (Hongqiao)
93%
Shanghai (Pudong)
93%
Singapore
93%
Sydney
93%
Taipei (Taoyuan)
93%
Tokyo (Haneda)
93%
Tokyo (Narita)
93%
Zürich
93%
Abu Dhabi
91%
Brussels
91%
Doha
91%
Melbourne
91%
Perth
91%
Ulaanbaatar
91%
Chongqing
89%
Ho Chi Minh City
89%
Seoul (Incheon)
89%
Osaka (Kansai)
86%
Chengdu (Tianfu)
84%
Riyadh
84%
Addis Ababa
82%
Cebu
82%
Guangzhou
82%
Hanoi
82%
Xi'an
82%
Adelaide
80%
Busan
80%
Dhaka
80%
Nagoya (Centrair)
80%
Wuhan
80%
Brisbane
77%
Christchurch
75%
Malé
75%
Ürümqi
75%
Colombo (Bandaranaike)
73%
Kathmandu
73%
Phuket
73%
Sapporo (Chitose)
73%
Xiamen
73%
Jeju
70%
Bengaluru
68%
Hiroshima
68%
Nanjing
68%
Denpasar
66%
Tianjin
66%
Chennai
64%
Fukuoka
64%
Hangzhou
64%
Harbin
64%
Hyderabad
64%
Phnom Penh
64%
Port Moresby
64%
Qingdao
64%
Da Nang
59%
Gold Coast
59%
Bandar Seri Begawan
57%
Changsha
57%
Dali
57%
Dalian
57%
Fuzhou
57%
Lhasa
57%
Cairns
55%
Chiang Mai
55%
Daegu
55%
Surabaya
55%
Zhengzhou
55%
Haikou
52%
Kaohsiung
52%
Shenyang
50%
Vientiane
50%
Hefei
48%
Kunming
48%
Taichung
48%
Sendai
45%
Davao
43%
Nadi
43%
Ningbo
43%
Naha
41%
Penang
41%
Wenzhou
41%
Clark
39%
Sanya
39%
Changchun
32%
Guiyang
27%
Hohhot
27%
Koh Samui
27%
Saipan
27%
Wuxi
27%
Guilin
25%
Jinan
25%
Kota Kinabalu
25%
Shijiazhuang
25%
Koror
23%
Lanzhou
23%
Phu Quoc
23%
Taiyuan
23%
Xuzhou
20%
Changzhou
18%
Nha Trang
18%
Xining
18%
Datong
16%
Quanzhou
14%
Ishigaki
11%
Takamatsu
11%
Yinchuan
11%
Zhangjiajie
11%
Cheongju
9%
Komatsu
9%
Ordos
9%
Shimojishima
9%
Hailar
7%
Iloilo
7%
Zhoushan
7%
Huangshan
5%
Lijiang
5%
Tawau
5%
Yiwu
5%
Yuncheng
5%
Dunhuang
2%
Enshi
2%
Yichang
2%
No matching quizzes found
Score Distribution
Percent of People with Each Score
Percentile by Number Answered
Your Score History
You have not taken this quiz